Foundations of an agricultural policy in Paraguay

Saved in:
Bibliographic Details
Main Author: Arnold, Adlai F.
Format: Book
Language:English
Published: New York, Praeger [1971]
Series:Praeger special studies in international economics and development
Subjects:
LEADER 01079nam a2200277 4500
001 c000325461
003 CARM
005 00000000000000.0
008 710817s1971 nyuab b 00010 eng
019 1 |a 603120  |z 9248426  |5 LACONCORD2021 
035 |a (OCoLC)157872  |5 LACONCORD2021 
043 |a s-py--- 
050 0 0 |a HD1898 1971  |b .A74 
100 1 |a Arnold, Adlai F. 
245 1 0 |a Foundations of an agricultural policy in Paraguay  |c [by] Adlai F. Arnold. 
260 |a New York,  |b Praeger  |c [1971] 
300 |a xx, 294 p.  |b illus., maps.  |c 25 cm. 
490 0 |a Praeger special studies in international economics and development 
504 |a Includes bibliographical references. 
650 0 |a Agriculture and state  |z Paraguay. 
650 0 |a Land tenure  |z Paraguay. 
650 0 |a Agriculture  |x Economic aspects  |z Paraguay. 
852 8 |b CARM  |h A1:AL35E0  |i C10583  |p 0466295  |f BK 
082 0 4 |a 338.1/09892 
999 f f |i e0b844e8-7ff2-59ca-8c2e-f64e234e37dc  |s 23418807-b8c2-57c4-88ba-5803dc5241f3 
952 f f |p Can circulate  |a CAVAL  |b CAVAL  |c CAVAL  |d CARM 1 Store  |e C10583  |f A1:AL35E0  |h Other scheme  |i book  |m 0466295